000 00416nam a2200145Ia 4500
008 211109s9999||||xx |||||||||||||| ||und||
082 _a894.8123
_bRAM-K
100 _aRaman Nambishan, T
245 0 _aKeraleswaran
260 _bNATIONAL BOOKSTALL
_aKottayam
_c1978
300 _a524p.
630 _xGeneral Stack
650 _aMalayalam Literature
_vMalayalam fiction
_xMalayalam NovelsNOVELMalayalam
942 _cBOOK
999 _c72651
_d72651